00843nam a22002057a 4500003000900000008004100009040007100050082002200121100002600143245013600169260002500305300004000330440002900370505014400399650001000543650001100553650002500564650001700589700003100606AR-CdUCM190422b ||||| |||| 00| 0 spa d aMUNICIPALIDAD PROVINCIAL DEL CUSCOcBIBLIOTECA MUNICIPAL DEL CUSCO aC / 985.61 /bL88 aLovon Zavala, Gerardo aInvestigación sobre desarrollo regional Cusco 1950 - 1980 :b5.2 informe: dinámica demográfica (población y los recursos) / aCusco :bCBC,c1981. a40 páginas ;bimágenes.c22 cm. aDocumentos de trabajon5 aPoblación en el Perú y en Cusco: análisis e interpretación -- Las migraciones en el departamento un análisis local y regional... a1950. aCusco. aDesarrollo regional. aPoblación. aVega Ganoza, Juan Fernando